000 00835nam a2200253Ia 4500
003 OSt
005 20220927111854.0
006 a|||||r|||| 00| 0
007 ta
008 220926b |||||||| |||| 00| 0 eng d
024 _a70918
037 _cReports
040 _aRTL
_cRTL
_beng
041 _2eng
_aeng
082 _a"X9.2.N33t:g, G4"
110 _a"India, Government of ..... Industries and Labour (Department of ....)"
_9382770
245 0 _aSecond report showing the action taken by the Cent
260 _aNew
_bDelhi Manager of Publications India
_c1934
300 _a114p.
_ccm.
650 _aIndustrial Economics-India
700 _a"India, Government of ..... Industries and Labour (Department of ....)"
_9382771
942 _h"X9.2.N33t:g, G4"
_cCC
999 _c699586
_d699586